Online
Catalog

Ciencias naturales 7 : (Record no. 48831)

MARC details
000 -CABECERA
campo de control de longitud fija 00781nam a2200253 a 4500
001 - NÚMERO DE CONTROL
campo de control
003 - IDENTIFICADOR DEL NÚMERO DE CONTROL
campo de control OSt
005 - FECHA Y HORA DE LA ÚLTIMA TRANSACCIÓN
campo de control 20201007105232.0
008 - DATOS DE LONGITUD FIJA--INFORMACIÓN GENERAL
campo de control de longitud fija 180410s2015 dr a r 000 0 spa d
020 ## - NÚMERO INTERNACIONAL ESTÁNDAR DEL LIBRO
Número Internacional Estándar del Libro 9789945174298
040 ## - FUENTE DE LA CATALOGACIÓN
Centro catalogador/agencia de origen DO-SdBNP
Lengua de catalogación spa
Centro/agencia transcriptor DO-SdBNP
082 ## - NÚMERO DE LA CLASIFICACIÓN DECIMAL DEWEY
Número de clasificación 372.357
Número de documento/Ítem C569n
100 1# - ENTRADA PRINCIPAL--NOMBRE DE PERSONA
Nombre de persona
9 (RLIN) 50027
245 00 - MENCIÓN DE TÍTULO
Título Ciencias naturales 7 :
Resto del título educación básica /
Mención de responsabilidad, etc. dirección editorial Doris Arroba Jácome ; editora Denise Pineda Martínez
260 ## - PUBLICACIÓN, DISTRIBUCIÓN, ETC.
Lugar de publicación, distribución, etc. Santo Domingo :
Nombre del editor, distribuidor, etc. SM
Fecha de publicación, distribución, etc. 2015
300 ## - DESCRIPCIÓN FÍSICA
Extensión v. :
Otras características físicas il. ;
Dimensiones 28 cm.
490 1# - MENCIÓN DE SERIE
Mención de serie Proyecto Sé
Designación de volumen o secuencia 7
590 ## - NOTA LOCAL (RLIN)
Nota local Inventariado, 2018/VM
650 #7 - PUNTO DE ACCESO ADICIONAL DE MATERIA--TÉRMINO DE MATERIA
Término de materia o nombre geográfico como elemento de entrada Ciencias Naturales
Subdivisión general Enseñanza
Subdivisión geográfica Lemb
9 (RLIN) 76782
700 ## - PUNTO DE ACCESO ADICIONAL--NOMBRE DE PERSONA
Nombre de persona Arroba Jácome,Doris
Término indicativo de función/relación dir.
9 (RLIN) 22848
830 ## - PUNTO DE ACCESO ADICIONAL DE SERIE-TÍTULO UNIFORME
Título uniforme Proyecto Sé
Número de parte o sección de la obra 7
9 (RLIN) 76783
942 ## - ELEMENTOS DE PUNTO DE ACCESO ADICIONAL (KOHA)
Fuente del sistema de clasificación o colocación Dewey Decimal Classification
Tipo de ítem Koha Libros y folletos
956 ## - LOCALIZACIÓN Y ACCESO ELECTRÓNICOS LOCAL (OCLC)
Nombre del host VMateo
Holdings
Estado de retiro Estado de pérdida Fuente del sistema de clasificación o colocación No para préstamo Código de colección Localización permanente Ubicación/localización actual Fecha de adquisición Fuente de adquisición Total de préstamos Signatura topográfica completa Código de barras Fecha visto por última vez Precio válido a partir de Tipo de ítem Koha
    Dewey Decimal Classification   Patrimonio Dominicano Biblioteca Nacional Pedro Henríquez Ureña Patrimonio Dominicano 07.10.2020 Yadira González   372.357 C569n 2020-0113 07.10.2020 07.10.2020 Libro y Folleto Colección Patrimonio Dominicano

Powered by Koha